Morocco 2022 FIFA World Cup Squad - Statistics

General Stats
  • This quiz has been taken 2,406 times
    1,881 since last reset
  • The average score is 12 of 27
Answer Stats
# Position Player % Correct
2 DF Achraf Hakimi
95%
1 GK Yassine Bounou
91%
7 FW Hakim Ziyech
86%
4 MF Sofyan Amrabat
79%
6 DF © Romain Saïss
68%
5 DF Nayef Aguerd
65%
19 FW Youssef En-Nesyri
63%
3 DF Noussair Mazraoui
62%
8 MF Azzedine Ounahi
61%
17 FW Sofiane Boufal
61%
18 DF Jawad El Yamiq
40%
Manager Walid Regragui
40%
11 MF Abdelhamid Sabiri
37%
15 MF Selim Amallah
37%
14 FW Zakaria Aboukhlal
37%
20 DF Achraf Dari
36%
9 FW Abderrazak Hamdallah
35%
21 FW Walid Cheddira
35%
24 MF Bilal El Khannous
34%
16 FW Abde Ezzalzouli
31%
22 GK Ahmed Reda Tagnaouti
25%
26 DF Yahia Attiyat Allah
24%
10 MF Anass Zaroury
22%
23 DF Badr Benoun
22%
13 MF Ilias Chair
20%
25 MF Yahya Jabrane
19%
12 GK Munir Mohamedi
18%
No matching quizzes found
Score Distribution
Percent of People with Each Score
Percentile by Number Answered
Your Score History
You have not taken this quiz since the last reset